| 000 | 01002nam a2200229 i 4500 | ||
|---|---|---|---|
| 001 | 38311 | ||
| 003 | ES-MaACL | ||
| 005 | 20250717065627.0 | ||
| 007 | t| | ||
| 008 | 030225s1891 sp |||| | spa d | ||
| 100 | 1 |
_aCalderón y Arana, Laureano, _d1847-1894 _933631 |
|
| 245 | 1 | 3 |
_aDiscurso pronunciado en el Ateneo Científico y Literario de Madrid (resumen del curso de 1890 a 1891) / _cpor Laureano Calderón, presidente de la Sección de Ciencias Exactas, Físicas y Naturales. |
| 260 |
_aMadrid : _bNicolás Moya, _c1891. |
||
| 300 |
_a11 p. ; _c24 cm. |
||
| 594 | _aTema del discurso: La cuestión social y las ciencias naturales. | ||
| 610 | 2 | 4 |
_aAteneo de Madrid. _bSección de Ciencias Exactas, Físicas y Naturales- _vMemorias. _91979 |
| 650 | 7 |
_aProblemas sociales _2embne _916415 |
|
| 650 | 0 | 0 |
_aCiencias naturales- _yS.XIX. _910987 |
| 710 | 2 |
_aAteneo de Madrid. _bSección de Ciencias Exactas, Físicas y Naturales. _91978 |
|
| 852 |
_aES-MaACL _jT-829-F-2 |
||
| 999 |
_c38311 _d38311 |
||